| 000 | 00419nam a22001577a 4500 | ||
|---|---|---|---|
| 020 | _a9789692107488 | ||
| 082 |
_a611 _bSID |
||
| 100 |
_aSiddiqui, Laiq Hussain _981298 |
||
| 245 |
_aGeneral Anatomy / _cLaiq Hussain Siddiqui |
||
| 250 | _a6th Edition. | ||
| 260 |
_aKarachi : _bParamount Book (Pvt) Limited, _c2023. |
||
| 300 |
_a151 p. ; _bill, _c21 cm. |
||
| 563 | _aPBK. | ||
| 650 | _aAnatomy | ||
| 942 |
_2ddc _cBK |
||
| 999 |
_c595325 _d595325 |
||